000 01116cam a22003014a 4500
999 _c6016
_d6016
001 14465350
003 OSt
005 20191122145418.0
008 060724s2007 njua b 001 0 eng
010 _a 2006024063
020 _a9781292025520
035 _a(OCoLC)ocm70707891
035 _a(OCoLC)70707891
040 _aDLC
_cDLC
_dBAKER
_dC#P
_dVP@
_dYDXCP
_dUBA
_dDLC
082 0 0 _a005.447 TAN 2014
_222
100 1 _aTanenbaum, Andrew S.; Steen, Maarten van.
_96483
245 1 0 _aDistributed Systems:
_bprinciples and paradigms
250 _a2nd ed.
260 _aEssex :
_bPearson Prentice Hall,
_c2014.
300 _aii, 633 p. :
_bill. ;
_c25 cm.
504 _aIncludes bibliographical references and index.
650 0 _aElectronic data processing
_96528
650 0 _aOperating systems
_912493
856 4 1 _3Table of contents only
_uhttp://www.loc.gov/catdir/toc/ecip0617/2006024063.html
906 _a7
_bcbc
_corignew
_d1
_eecip
_f20
_gy-gencatlg
942 _2ddc
_cO_SHELF